| 000 | 00000nas 2200000za 4500 |
| 001 | 9.501186 |
| 003 | CaOODSP |
| 005 | 20221107132940 |
| 007 | cr ||||||||||| |
| 008 | 150406d19391979onc x m o||||f0 |0fre|d |
| 040 | |aCaOODSP|bfre |
| 041 | |afre|beng |
| 043 | |an-cn--- |
| 086 | 1 |aFs94F-PDF |
| 110 | 2 |aOffice des recherches sur les pêcheries du Canada. |
| 245 | 10|aBulletin - Office des recherches sur les pêcheries du Canada |h[ressource électronique] |
| 260 | |aOttawa : |bService des pêches et des sciences de la mer, |c1939-[1979] |
| 310 | |aIrrégulier |
| 546 | |aComprend des résumés en anglais. |
| 775 | 08|tBulletin |w(CaOODSP)9.504777 |